00466nam a2200157Ia 4500001000500000005001700005008004100022041000800063082001900071100006000090245010500150260000900255300002800264650000800292654000800300448720260306145759.0260306t1996||||xx |||||||||||||| ||spa|| aESP a323.11985bD59 aAsociación Peruana de Estudios para la Paz (Ed.)eAUT 0aDerechos humanos y pueblos indígenas de la amazonía peruana:brealidad, normativa y perspectivas c1996 a262 páginas :c24 cm. aGEN aCHU